| 000 | 00618nam a22002057a 4500 | ||
|---|---|---|---|
| 999 |
_c9665 _d9665 |
||
| 003 | AR-CdUCM | ||
| 008 | 190328b ||||| |||| 00| 0 spa d | ||
| 040 |
_aMUNICIPALIDAD PROVINCIAL DEL CUSCO _cBIBLIOTECA MUNICIPAL DEL CUSCO |
||
| 082 |
_a867,4 / _bV34 |
||
| 100 |
_aVásquez M., Gonzalo _926021 |
||
| 245 | _aDel sueño y la vigilia / | ||
| 260 |
_aBolivia : _bSerrano, _c1966. |
||
| 300 |
_a49 paginas ; _c19 cm. |
||
| 500 | _aDonación familia Nieto. | ||
| 505 | _aContenido :Del sueño y la vigilia. | ||
| 650 |
_aLiteratura boliviana _94271 |
||
| 650 |
_aPoesía _9139 |
||
| 942 |
_2ddc _cLIBROS |
||
| 945 | _arum | ||